| 000 | 01126nam a2200205Ia 4500 | ||
|---|---|---|---|
| 003 | OSt | ||
| 005 | 20210805134350.0 | ||
| 008 | 210310s2005 wauad gr 000 0 eng d | ||
| 040 |
_aCO-JMCR _cCO-JMCR |
||
| 041 | 0 | _aeng | |
| 082 | 0 | 4 |
_a332.153 / _bW671r _223 |
| 110 | 2 |
_aThe World Bank _eauthor _99685 |
|
| 245 | 1 | 0 |
_aReview of world bank conditionality _cThe World Bank |
| 260 |
_aWashington : _bTeh World Bank, _c2005. |
||
| 300 |
_a1-7 Volumes : _bblack and white illustrations and graphics ; _c28 cm. |
||
| 505 |
_gv.1 / _tModalities of conditionality. -- _gv.2 / _tLegal aspects of conditionality in policy-based lending. -- _gv.3 / _tRecent trends and practices. -- _gv.4 / _tContent of conditionality in World Bank policy-based operations: public sector governance, privatization, user fees and trade. -- _gv.5 / _tThe theory nd practice of conditionality: a literature review. -- _gv.6 / _t2005 conditionality survery: Executive sumary and detailed survery results. -- _gv.7 / _tSummary of external consultations. |
||
| 650 | 1 | 4 |
_aEconomic assistance _vEvaluation _939108 |
| 650 | 2 | 4 |
_aWorld Bank _939109 |
| 942 |
_2ddc _cBK |
||
| 999 |
_c12122 _d12122 |
||